000
00308nam a2200145Ia 4500
003
OSt
005
20231205071215.0
008
170524s9999 xx 000 0 und d
020
_a
9780070585560
040
_c
IIMT UNIVERSITY
100
_a
Bajaj
245
0
_a
E - COMMERCE
260
_a
TMH
942
_2
ddc
_c
02
999
_c
3013
_d
3013